000 00525nam a2200181Ia 4500
008 151018s9999 xx 000 0 und d
082 _bRBASDV35653
_a891.433
100 _aबी आर आंबेडकर
245 _aशुद्र कौन
250 _b1
260 _bकंचन
_c2001
300 _a148
600 _aबी आर आंबेडकर
630 _aशुद्र कौन
700 _aबी आर आंबेडकर
730 _aशुद्र कौन
942 _cBOOK
999 _c1035128
_d1035125